000 00985nam a2200301 i 4500
001 000038837
003 DO-SdBNP
005 20240412074311.0
007 ta
008 100324s1991 dr r 000 0 spa d
040 _aDO-SdBNP
_bspa
_cBNPHU
_erda
082 4 _aRD863.3
_bP418c, 1991
_222
100 1 _aPenson, César Nicolás,
_d1855-1901
_96475
245 1 0 _aCosas añejas :
_bedición escolar /
_cCésar Nicolás Penson ; presentación de Avelino Stanley
264 _aSanto Domingo :
_bSusaeta Ediciones,
_c1991
300 _a95 paginas. ;
_c22 cm.
336 _2rdacontent
_atexto
_btxt
337 _2rdamedia
_asin mediación
_bn
338 _2rdacarrier
_avolumen
_bnc
500 _aEdición escolar
500 _aIncluye datos biográficos del autor : p. 3
590 _aInventariado, 2018/YL
650 0 _aCuentos dominicanos
_9176
650 0 _aLiteratura dominicana.
_967
700 _aStanley, Avelino
_ePresentación
_981556
910 _aDG
942 _2ddc
_cLBS1
999 _c55359
_d55359